10 ngày học kế toán
שמור ב:
| מחבר ראשי: | |
|---|---|
| פורמט: | ספר |
| שפה: | Undetermined |
| יצא לאור: |
Thành phố Hồ Chí Minh
Trẻ
2003
|
| נושאים: | |
| תגים: |
הוספת תג
אין תגיות, היה/י הראשונ/ה לתייג את הרשומה!
|
| Thư viện lưu trữ: | Trung tâm Học liệu Trường Đại học Cần Thơ |
|---|
| LEADER | 00553nam a2200193Ia 4500 | ||
|---|---|---|---|
| 001 | CTU_56734 | ||
| 008 | 210402s9999 xx 000 0 und d | ||
| 020 | |b 39000 | ||
| 082 | |a 657 | ||
| 082 | |b Ch125 | ||
| 100 | |a Lý, Thị Minh Châu | ||
| 245 | 0 | |a 10 ngày học kế toán | |
| 245 | 0 | |c Lý Thị Minh Châu và Hoàng Huy Thông | |
| 260 | |a Thành phố Hồ Chí Minh | ||
| 260 | |b Trẻ | ||
| 260 | |c 2003 | ||
| 650 | |a Accounting | ||
| 650 | |x Study and teaching | ||
| 980 | |a Trung tâm Học liệu Trường Đại học Cần Thơ | ||